000
00400nam a2200133Ia 4500
008
100328s9999 xx 000 0 und d
082
_b
66429
100
_a
कुंटे जगन्नाथ.
245
_a
नर्मदे हर हर.
260
_b
प्राजक्त.
630
_a
नर्मदे हर हर.
730
_a
नर्मदे हर हर.
942
_c
BOOK
999
_c
552168
_d
552165